Finance accounts, Arunachal Pradesh, 1994-95 (Record no. 508450)

000 -LEADER
fixed length control field 00532cam a22001457a 4500
008 - FIXED-LENGTH DATA ELEMENTS--GENERAL INFORMATION
fixed length control field 180718b-- xxu||||| |||| 00| 0 eng d
082 ## - DEWEY DECIMAL CLASSIFICATION NUMBER
Classification number L806x54115 F/1994-95
100 ## - MAIN ENTRY--PERSONAL NAME
Personal name Arunachal Pradesh. Comptroller and Auditor General of India
9 (RLIN) 3765
245 ## - TITLE STATEMENT
Title Finance accounts, Arunachal Pradesh, 1994-95
260 ## - PUBLICATION, DISTRIBUTION, ETC. (IMPRINT)
Place of publication, distribution, etc Shillong
Name of publisher, distributor, etc Comptroller and Auditor General of India
Date of publication, distribution, etc 1995
300 ## - PHYSICAL DESCRIPTION
Extent 139p.
500 ## - GENERAL NOTE
General note Library has 1991/92-2006/07, 2009/10
650 ## - SUBJECT ADDED ENTRY--TOPICAL TERM
Topical term or geographic name as entry element Finance, Public - Auditing - India - Arunachal Pradesh
9 (RLIN) 3766
942 ## - ADDED ENTRY ELEMENTS (KOHA)
Source of classification or shelving scheme
Holdings
Withdrawn status Lost status Source of classification or shelving scheme Damaged status Koha normalized classification for sorting Not for loan Permanent location Current location Date acquired Full call number Barcode Date last seen Price effective from Koha item type
        L_806X54115_F_199495   Indian Institute of Public Administration Indian Institute of Public Administration 2019-03-26 L806x54115 F/1994-95 GG33768 2019-03-26 2019-03-26 GG

Powered by Koha